Statistická a rozhodovací analýza /

Hlavní autor: Kožíšek, Jan, 1941-
Korporativní autor: České vysoké učení technické v Praze. Strojní fakulta
Další autoři: Stieberová, Barbora, 1978-, Vaniš, Ladislav, 1961-
Jazyk: Čeština
Vydáno: V Praze : České vysoké učení technické, 2008
Vydání: Vyd. 1.
Témata:
Fyzický popis: 252 s. : il. ; 30 cm
Knihy
Uloženo v:
LEADER 02121nam a2200517 a 4500
001 nkc20091850495
003 CZ PrNK
005 20090423145104.0
007 ta
008 090108s2008 xr a e p 000 0 cze
015 |a cnb001850495 
020 |a 978-80-01-04209-0  |q (brož.) 
035 |a (OCoLC)320219220 
040 |a OLA001  |b cze  |d ABA001 
072 7 |a 519.1/.8  |x Kombinatorika. Teorie grafů. Matematická statistika. Operační výzkum. Matematické modelování  |2 Konspekt  |9 13 
072 7 |a 37.016  |x Učební osnovy. Vyučovací předměty. Učebnice  |2 Konspekt  |9 22 
080 |a 519.23/.24  |2 MRF 
080 |a 519.816  |2 MRF 
080 |a 519.8  |2 MRF 
080 |a (075.8)  |2 MRF 
100 1 |a Kožíšek, Jan,  |d 1941-  |7 ntka173042  |4 aut 
245 1 0 |a Statistická a rozhodovací analýza /  |c Jan Kožíšek, Barbora Stieberová, Ladislav Vaniš 
250 |a Vyd. 1. 
260 |a V Praze :  |b České vysoké učení technické,  |c 2008 
300 |a 252 s. :  |b il. ;  |c 30 cm 
500 |a Na obálce nad názvem: České vysoké učení technické v Praze, Fakulta strojní 
500 |a 100 výt. 
504 |a Obsahuje bibliografii 
650 0 7 |a statistické metody  |7 ph135431  |2 czenas 
650 0 7 |a teorie rozhodování  |7 ph126572  |2 czenas 
650 0 7 |a operační výzkum  |7 ph115594  |2 czenas 
650 0 9 |a statistical methods  |2 eczenas 
650 0 9 |a decision theory  |2 eczenas 
650 0 9 |a operations research  |2 eczenas 
655 7 |a učebnice vysokých škol  |7 fd133772  |2 czenas 
655 9 |a textbooks (higher)  |2 eczenas 
700 1 |a Stieberová, Barbora,  |d 1978-  |7 ctu2006326621  |4 aut 
700 1 |a Vaniš, Ladislav,  |d 1961-  |7 ntka174266  |4 aut 
710 2 |a České vysoké učení technické v Praze.  |b Strojní fakulta  |7 ko20010093670 
910 2 |a BOA001  |b 3-1218.290 
928 9 |a Česká technika - nakladatelství ČVUT 
990 |a BK 
995 |a 01 
991 |b 200903  |c NOV 
996 6 |b 2610367939  |c 3-1218.290  |l MZK  |r Sklad / do 1 hodiny  |n 5  |p p.v.  |w 000929579  |u 000010  |a 1  |e BOA001  |j MZK50  |s P 
996 7 |b 2610373778  |c 3-1218.290  |l MZK  |r Sklad / do 1 hodiny  |n 10  |p kup  |w 000929579  |u 000020  |a 1  |e BOA001  |j MZK50  |s A